Estado y desarrollo de la Escuela de Artes y Oficios de Bilbao (Registro nro. 23234)

Detalles MARC
000 -LEADER
campo de control de longitud fija 01041nam a2200217 i 4500
001 - NÚMERO DE CONTROL
campo de control 23234
003 - IDENTIFICADOR DE NÚMERO DE CONTROL
campo de control ES-MaACL
005 - FECHA Y HORA DE LA ÚLTIMA TRANSACCIÓN
campo de control 20251012173224.0
007 - CAMPO FIJO DE DESCRIPCIÓN FÍSICA--INFORMACIÓN GENERAL
campo de control de longitud fija t|
008 - DATOS DE LONGITUD FIJA--INFORMACIÓN GENERAL
campo de control de longitud fija 021209s1890 sp d |||| | spa d
245 00 - MENCIÓN DEL TÍTULO
Título Estado y desarrollo de la Escuela de Artes y Oficios de Bilbao
Resto del título : durante el primer decenio que comprende desde su creación, hasta el 30 de septiembre de 1889.
260 ## - PUBLICACIÓN, DISTRIBUCIÓN, ETC.
Lugar de publicación, distribución, etc. Bilbao :
Nombre del editor, distribuidor, etc. [s.n.],
Fecha de publicación, distribución, etc. 1890 (
Fabricante Imp. de la Casa de Misericordia)
300 ## - DESCRIPCIÓN FÍSICA
Extensión IX, 183 p., [3] h. pleg. de gráf. ;
Dimensiones 22 cm.
505 8# - NOTA DE CONTENIDO CON FORMATO
Nota de contenido con formato Contiene: ;
Título Misión que deben cumplir las Escuelas de Artes y Oficios de Bilbao : discurso leído en el aniversario del primer decenio de su fundación /
Mención de responsabilidad Pablo de Alzola y Minondo
530 ## - NOTA DISPONIBLE DE FORMULARIO FÍSICO ADICIONAL
Nota de formato físico adicional disponible Disponible en formato digital.
610 24 - PUNTO DE ACCESO ADICIONAL DE MATERIA--NOMBRE DE ENTIDAD CORPORATIVA
Nombre de entidad corporativa o nombre de jurisdicción como elemento de entrada Escuela de Artes y Oficios (Bilbao)
9 (RLIN) 134362
700 1# - ENTRADA AGREGADA--NOMBRE PERSONAL
Nombre de persona Alzola y Minondo, Pablo de,
Fechas asociadas al nombre 1841-1912
9 (RLIN) 21064
852 ## - LOCALIZACIÓN
Ubicación ES-MaACL
Número de control de estantería T-567-F-7
856 ## - LOCALIZACIÓN Y ACCESO ELECTRÓNICOS
Identificador Uniforme de Recursos <a href="http://www.euskalmemoriadigitala.eus/handle/10357/2336 ">http://www.euskalmemoriadigitala.eus/handle/10357/2336 </a>
Nota pública Memoria Digital Vasca
Existencias
Estatus retirado Estado de pérdida Estado de daño No para préstamo Colección Biblioteca de origen Biblioteca actual Ubicación en estantería Fecha de adquisición Fuente de adquisición Total de préstamos Signatura topográfica completa Código de barras Visto por última vez Precio de reemplazo Tipo de ítem Koha
        Colección de folletos Biblioteca del Ateneo de Madrid Biblioteca del Ateneo de Madrid Depósito folletos 17/01/2008     T-567-F-7 1023938 23/02/2023 23/02/2023 Folleto